000 00431nam a2200181Ia 4500
001 28115
003 IN-NITTTR
005 20251114233348.0
008 251113s9999||||xx |||||||||||||| ||eng||
040 _beng
040 _cIN-NITTTR
041 _aeng
082 _a658.827 R44I
100 _aRies, A.L.
245 4 _aThe 22 immutable laws of branding /
_cRies, A.L., Ries, Laura
700 _a Ries, Laura
942 _2ddc
_cBK
999 _c30743
_d30743